000 00729nam a2200205Ii 4500
003 JO-AjNU
008 230606s9999||||xx |||||||||||||| ||und||
020 _a92-9038-011-X
040 _aJO-AjNU
_beng
_erda
_cJO-AjNU
041 _aeng
050 1 4 _aHD5660.D44 W67 .1981
100 3 _aAlgeria/ Guyana,
_eauthor
_92956
245 0 0 _aWORKERS' SELF-MANAGEMENT AND PARTICIPATION IN DECISION -MAKING AS A FACTOR OF SOCIAL CHANGE AND ECONOMIC PROGRESS IN DEVELOPING COUNTRIES
264 3 1 _a Yugoslavia:Ljubljana.1981
300 _a304p
336 _atext
_btxt
_2rdacontent
337 _aunmediated
_bn
_2rdamedia
338 _avolume
_bnc
_2rdacarrier
650 4 _aManagement--Employee participation--Developing countries.
_92957
999 _aE1549
_c1549
_d1549